01142nam a2200241 a 4500001001000000005001700010008004100027041000800068044000700076084002000083100004500103245009500148260004200243300002200285500018100307500016600488500000900654650005200663650005600715650003400771650004500805740005000850BRCA_247620190320203828.0201108s1837----sp-a---###---#000-0#spa-u aspa asp a116b.P65c18371 aCervantes Saavedra, Miguel ded1547-161610aEl Ingenioso Hidalgo Don Quijote de la Manchaccompuesto por Miguel de Cervantes Saavedra. aZaragozabPolo y Monge hermanosc1837 a2 v.bil.c16 cm. aContenido : v 1. Primera parte. Dedicatoria del autor. Prólogo del autor. Versos preliminares. Texto. -- v 2. Segunda parte. Dedicatoria del autor. Prólogo del autor. Texto aReimpresión de la edición de 1831, publicada por los mismos editores. Con láminas grabadas por Lafuente. Piel; lomeras con adornos dorados Lúdovik Osterc aQM9714aNovela españolayÉpoca clásica, 1500-170014aLiteratura españolayÉpoca clásica, 1500-170014aNovela españolaySiglo XVII14aDon Quijote (Personaje ficticio)eNovela0 aEl Ingenioso Hidalgo Don Quijote de la Mancha